01554nam a2200349Ia 4500001001200000003000800012006001900020007001500039008004100054020002500095020002200120040002100142035002100163050002500184100003200209245012900241250002900370260008500399300001900484500012500503504004100628533015200669600003700821650003800858650004700896651004900943655002900992700002301021710001701044856012601061999001701187ebr10335131CaPaEBRm u cr cn|||||||||070718s2007 caua sb 000 0 eng d z9781932595253 (pbk.) z1932595252 (pbk.) aCaPaEBRcCaPaEBR a(OCoLC)64683632314aDD256.5b.F56 2007eb1 aFlowers, Stephen E.,d1953-14aThe secret kingh[electronic resource] :bthe myth and reality of Nazi occultism /cby Stephen E. Flowers, Michael Moynihan. aRevised and expanded ed. aLos Angeles, CA :bFeral House ;aWaterbury Center, VT :bDominion Press,c2007. a197 p. :bill. aRevised and expanded edition of The Secret King: Karl Maria Wiligut, Himmeler's Lord of Runes originally published 2001. aIncludes bibliographical references. aElectronic reproduction.bPalo Alto, Calif. :cebrary,d2009.nAvailable via World Wide Web.nAccess may be limited to ebrary affiliated libraries.10aWiligut, Karl Maria,d1866-1946. 0aNational socialism and occultism. 0aOccultismzGermanyxHistoryy20th century. 0aGermanyxPolitics and governmenty1933-1945. 7aElectronic books.2local1 aMoynihan, Michael.2 aebrary, Inc.40uhttp://site.ebrary.com/lib/rucke/Doc?id=10335131zAn electronic book accessible through the World Wide Web; click to view c52733d52733